| 000 | 01110nam a22002657i 4500 | ||
|---|---|---|---|
| 999 |
_c23161 _d23161 |
||
| 003 | AR-CdUCM | ||
| 008 | 250103b20232023 pe||||| |||| 00| 0 spa d | ||
| 020 | _a978-612-00-8759-6 | ||
| 040 |
_aMUNICIPALIDAD PROVINCIAL DEL CUSCO _cBIBLIOTECA MUNICIPAL DEL CUSCO |
||
| 041 | _hspa | ||
| 082 |
_a780.89098562 / C97 _bC97 |
||
| 100 |
_aCutipa Huayhua, Wilber _950904 |
||
| 245 | _a"Tendencias de cambio en las preferencias musicales de los jóvenes del barrio Ricardo Palma - Puno" / | ||
| 260 |
_aPuno : _bIMPERIO GRAFIK _c2023 |
||
| 300 |
_a111 páginas. : _c21 cm. |
||
| 500 | _zBibliografía: páginas 100-104 | ||
| 505 | _aMarco teórico referencial -- La música y el lenguaje -- La banda de música -- El gusto musical -- Exposición y análisis de resultados -- Preferencias por género musical -- Percepción de lo moderno en la música | ||
| 650 |
_aMúsica y cambios en los jóvenes _950905 |
||
| 650 |
_aArte _9561 |
||
| 650 |
_aIdentidad _9255 |
||
| 650 |
_aMúsica popular andina _950906 |
||
| 650 |
_aFusión y géneros musicales _950907 |
||
| 942 |
_2ddc _cLIBROS |
||
| 945 |
_apbj _d03-01-2025 |
||